000 01311nam a22003617a 4500
003 CHAP
005 20220329133948.0
008 971013s1994 r 00010 d
010 _a13282
011 _a14254
035 _a18327
040 _cCHAP
090 _aTesis
100 0 0 _aAnzaldo Salazar, Angelica.
_96170
245 _aPlaneación regional, obtención de un patrón óptimo de cultivos del DDR 005
_b: Tepic, estado de Nayarit
260 _aChapingo, Méx. :
_bEl autor,
_c1994
300 _a113 h.
_b: ilus.
_e+ anexos
502 _aTesis (Ing. Agr. Esp. en Economía Agrícola) -- UACH. Departamento de Economía Agrícola
590 _aALEPH
_b10
_c20130110
_lUCH01
_h1232
590 _aBATCH-UPD
_b10
_c20130110
_lUCH01
_h0255
590 _aBATCH-UPD
_b10
_c20130110
_lUCH01
_h2132
590 _aBATCH-UPD
_b10
_c20130409
_lUCH01
_h2326
590 _aBATCH-UPD
_b10
_c20130410
_lUCH01
_h1441
590 _aBATCH-UPD
_b10
_c20130914
_lUCH01
_h1117
590 _aCONVERSION
_b10
_c20130109
_lUCH01
_h1309
650 1 4 _aCultivos
_xNayarit.
_930300
650 1 4 _aDistrito de Desarrollo Rural Tepic, Nay.
_932815
650 1 4 _aPlaneación regional
_xNayarit.
_988717
650 1 4 _aPolítica agrícola
_xNayarit.
_990339
901 _aBK
942 _cTESIS
949 _bBC
_cTES
_d-42810
_eTS1
_h30201
_i18327
_si
999 _c13282
_d13282